000
00297nam a22001337a 4500
008
181016b xxu||||| |||| 00| 0 eng d
020
_a
081548012809
041
_a
eng
080
_a
617
100
_a
5
101
_a
KIR
245
_a
Medical Surgical Care Plants
_c
Nancy.MH
942
_2
udc
_c
BK
999
_c
49943
_d
49943